00561nam a2200169 a 4500008004100000050002300041100002000064245005600084260004600140300001000186350000900196650006500205650002100270700002100291710004700312710003200359090618s2004 ||||||||||||||||| || u aGOV.ZAM(02)2004/6A aMacola, Giacomo12aA first guide to no-governmental archives in Zambia aLusakabNational Archives of Zambiac2004 a121p. a0.00 aNON-GOVERNMENTAL ORGANIZATIONS--ARCHIVAL RESOURCES--CATALOGS aARCHIVES--ZAMBIA aHinfelaar, Marja aGovernment of the Republic of Zambia (GRZ) aNational Archives of Zambia